Investičné bankovníctvo

Bibliographic Details
Main Author: Kováčik, Vladimír (Author)
Format: Book
Language:Slovak
PhysicalDescription:168 s. tab. 21 cm
Published: Bratislava Ekonóm 2000
ISBN:8022512559
Subjects:

MARC

LEADER 00000cam a2200000 a 4500
001 vtls001398799
003 SK-MaSNL
005 20260301161815.0
008 240226s2000 xo p frp 000 0 slo
015 |a SNBA2000/12-04354 
020 |a 8022512559 
035 |a SNK000353249 
035 |a urn:nbn:sk:snk-amklwb 
035 |a urn:nbn:sk:snk-am003e1x 
035 |a 536C64AE-D5FB-4C19-9B77-EF59217B8997 
040 |a SNK  |b slo  |c SNK  |e AACR2 
041 0 |a slo 
044 |a xo  |c SK 
080 |a 336.714:336.763.268(075.8)  |2 1981 
080 |a 336.763.268:336.714(075.8)  |2 1981 
100 1 |a Kováčik, Vladimír  |4 aut  |9 525374 
245 1 0 |a Investičné bankovníctvo  |c Vladimír Kováčik 
260 |a Bratislava  |b Ekonóm  |c 2000 
300 |a 168 s.  |b tab.  |c 21 cm 
500 |a 500 výt. 
504 |a Bibliogr. s. 166-168 
650 0 7 |a investičné bankovníctvo  |2 SNKPH  |9 75627 
655 7 |a učebnice vysokých škôl  |2 SNKPH  |9 70191 
919 |a 80-225-1255-9 
958 |a OND 
958 |a TL 
958 |a NB 
958 |a UV 
999 |c 810878  |d 812808 
952 |t P60, <03>, [BOOK], {603}  |a SNK  |b SNK  |y PREZ  |7 0  |p 17A0256378  |o snkSC 102988  |i snkKSP 10981/2000  |0 0  |1 0  |4 0  |d 2000-10-25  |f 1  |l 0  |r 2025-09-24 00:00:00  |w 2026-02-24 
952 |t P60, <04>, [BOOK], {604}  |a SNK  |b SNK  |y VYP  |7 0  |p 17A0256379  |o snkSC 102988 D1  |i snkKSP 10982/2000  |0 0  |1 0  |4 0  |d 2000-10-25  |l 0  |r 2005-01-02 00:00:00  |w 2026-02-24